000 01170nam a2200313Ia 4500
001 ebr10320366
003 CaPaEBR
006 m u
007 cr cn|||||||||
008 000428s2000 ohua sb 001 0 eng d
010 _z 00033134
020 _z9780871706867
020 _z0871706865
040 _aCaPaEBR
_cCaPaEBR
035 _a(OCoLC)713840154
050 1 4 _aTA480.T54
_bD66 2000eb
100 1 _aDonachie, Matthew J.
245 1 0 _aTitanium
_h[electronic resource] :
_ba technical guide /
_cMatthew J. Donachie, Jr.
250 _a2nd ed.
260 _aMaterials Park, OH :
_bASM International,
_cc2000.
300 _avii, 381 p. :
_bill.
504 _aIncludes bibliographical references (p. [345]-349) and indexes.
533 _aElectronic reproduction.
_bPalo Alto, Calif. :
_cebrary,
_d2009.
_nAvailable via World Wide Web.
_nAccess may be limited to ebrary affiliated libraries.
650 0 _aTitanium.
650 0 _aTitanium alloys.
655 7 _aElectronic books.
_2local
710 2 _aebrary, Inc.
856 4 0 _uhttp://site.ebrary.com/lib/rucke/Doc?id=10320366
_zAn electronic book accessible through the World Wide Web; click to view
999 _c60866
_d60866